| 000 | 00892aam a2200361a 44500 | ||
|---|---|---|---|
| 008 | 930106s1988 cat | ||
| 017 | _aT-581-1988 | ||
| 041 | _acat | ||
| 080 | _a636.1:685.1(038) | ||
| 100 |
_aBruch i Salada, M.Lluïsa _965859 |
||
| 245 | _aVocabulari dels basters | ||
| 245 | _cJúlia Plaza i Arqué | ||
| 245 | _cM.Lluïsa Bruch i Salada | ||
| 260 | _aReus | ||
| 260 | _bCarrutxa | ||
| 260 | _c1988 | ||
| 300 |
_a130 p. _bil. _c22 cm |
||
| 500 | _aBibliografia: p.129-130 | ||
| 500 | _btermcat | ||
| 520 | _a584 | ||
| 546 | _acatalà | ||
| 591 | _a1681 | ||
| 592 | _aObra terminològica | ||
| 593 | _aJOB | ||
| 594 | _a1681 | ||
| 650 |
_aofici de baster _961859 |
||
| 700 |
_aPlaza i Arqué, Júlia _965860 |
||
| 901 | _c<1988> | ||
| 902 | _a930106 | ||
| 942 |
_cMO _n0 |
||
| 999 |
_c54819 _d54819 |
||